| 000 | 00657nam a2200217Ia 4500 | ||
|---|---|---|---|
| 003 | GCL | ||
| 008 | 140319s9999 xx 000 0 ara d | ||
| 020 | _a9393215977 | ||
| 040 |
_aGCL / _cGCL |
||
| 082 | 0 | 4 |
_a659.1 _bا ا |
| 100 | 1 | _aاشرف صالح | |
| 245 | 1 | 0 |
_aالاعلان فنون وجنون / _cاشرف صالح |
| 260 |
_aالقاهرة : _bدار غريب للطباعة والنشر والتوزيع ، _c1999 |
||
| 300 |
_a126 ص ؛ _c20 سم |
||
| 650 | 0 | 4 | _aالتسويق |
| 650 | 0 | 4 | _aالاعلان |
| 650 | 0 | 4 | _aالدعاية |
| 650 | 0 | 4 | _aالاعلانات |
| 650 | 0 | 4 | _aالاعلانات - تصميم |
| 942 |
_2ddc _cBK |
||
| 999 |
_c58140 _d58140 |
||